000 00541nam a2200205Ia 4500
003 Ost
005 20260507075700.0
008 260507s9999||||xx |||||||||||||| ||und||
020 _a5029015977
040 _cfsecg
041 _aara
100 _aكامي، دي
_eمؤلف
245 0 _aمدير القرن21 /
_c دي كامي
260 _aالرياض:
_bمكتبة الشقري,
_c2000
300 _a299 صفحة؛
653 _aتكنولوجيا
653 _aعصر التغيير
653 _aقرن 21
942 _cكتاب
999 _c45796
_d45796